[Event "Bodensee op"]
[Site "Bregenz"]
[Date "2015.05.09"]
[Round "1"]
[White "Dellert, Lena"]
[Black "Galdunts, Sergey"]
[Result "0-1"]
[WhiteElo "1910"]
[BlackElo "2418"]
[PlyCount "78"]
[EventDate "2015.05.09"]
[EventType "swiss"]
[EventRounds "9"]
[EventCountry "AUT"]
[SourceTitle "CBM 166 Extra"]
[Source "ChessBase"]
[SourceDate "2015.06.18"]
[SourceVersion "1"]
[SourceVersionDate "2015.06.18"]
[SourceQuality "1"]

1. e4 g6 2. d4 Bg7 3. Nf3 d6 4. Nc3 a6 5. a4 Nf6 6. h3 0-0 7. Be3 b6 8. Bc4 Bb7 9. d5 c6 10. 0-0 cxd5 11. exd5 Nbd7 12. Re1 Qc7 13. Ba2 Ne5 14. Qe2 Nxf3+ 15. Qxf3 e5 16. Bg5 Nd7 17. Qe2 f5 18. Bh4 Rac8 19. f3 Rfe8 20. Bg3 Bh6 21. Rad1 Kh8 22. Bf2 Nf6 23. Bb3 Nh5 24. g3 Nf6 25. Kg2 Nd7 26. Kh2 Nc5 27. Ba2 Qd7 28. Bb3 Bg7 29. Qf1 g5 30. Qe2 Bf6 31. g4 Rf8 32. Kg2 Rce8 33. Bxc5 bxc5 34. Bc4 e4 35. fxe4 Bxc3 36. bxc3 Rxe4 37. Qd3 Rxe1 38. Rxe1 fxg4 39. Re6 Qxe6 0-1

[Event "BL2-Sued 1415"]
[Site "Germany"]
[Date "2014.09.21"]
[Round "1.2"]
[White "Galdunts, Sergey"]
[Black "Jakubowski, Krzysztof"]
[Result "0-1"]
[WhiteElo "2428"]
[BlackElo "2530"]
[PlyCount "93"]
[EventDate "2014.09.21"]
[EventType "team-tourn"]
[EventRounds "9"]
[EventCountry "GER"]
[SourceTitle "CBM 166 Extra"]
[Source "ChessBase"]
[SourceDate "2015.06.18"]
[SourceVersion "1"]
[SourceVersionDate "2015.06.18"]
[SourceQuality "1"]
[WhiteTeam "Moerlenbach Birkenau"]
[BlackTeam "Buchen"]
[WhiteTeamCountry "GER"]
[BlackTeamCountry "GER"]

1. e4 c5 2. Nc3 Nc6 3. Nge2 g6 4. d4 cxd4 5. Nxd4 Bg7 6. Be3 d6 7. Qd2 Nf6 8. f3 0-0 9. Bc4 Nd7 10. h4 Nb6 11. Bb3 Na5 12. Qd3 Bd7 13. h5 Rc8 14. hxg6 hxg6 15. 0-0-0 Nbc4 16. Bh6 e5 17. Kb1 exd4 18. Bxg7 Kxg7 19. Qxd4+ f6 20. Nd5 Be6 21. Qxa7 Bxd5 22. Rxd5 Qc7 23. Qf2 Rh8 24. Rhd1 Rhd8 25. f4 Nxb3 26. cxb3 Nb6 27. R5d3 d5 28. Rc3 Qd6 29. Rg3 Qc5 30. Qxc5 Rxc5 31. f5 g5 32. Rgd3 Re8 33. exd5 Re2 34. d6 Nd7 35. g4 Rcc2 36. Rc3 Rxb2+ 37. Kc1 Rxa2 38. Kb1 Reb2+ 39. Kc1 Ra1+ 40. Kxb2 Rxd1 41. Rc7 Rxd6 42. Rxb7 Kf7 43. Kc3 Ke7 44. b4 Rc6+ 45. Kd4 Kd6 46. Rb5 Rc1 47. Ra5 0-1